Ecología y ecologismo: el libro rojo del medio ambiente
Сохранить в:
| Главный автор: | |
|---|---|
| Формат: | |
| Язык: | испанский |
| Опубликовано: |
Santiago
Oikos
1996
|
| Редактирование: | 3a. ed |
| Предметы: | |
| Метки: |
Добавить метку
Нет меток, Требуется 1-ая метка записи!
|
MARC
| LEADER | 00000nam a2200000 a 4500 | ||
|---|---|---|---|
| 001 | UCJ0415 | ||
| 003 | CL-VaPUC | ||
| 008 | 060804e19960000CL |||||||||||||||||spa|d | ||
| 020 | |a 9567277087 | ||
| 082 | 0 | 4 | |a 577 |b GRA |2 21 |
| 100 | |a Grau Vilarrubias, Juan J |e author |9 601090 | ||
| 245 | 1 | 0 | |a Ecología y ecologismo: el libro rojo del medio ambiente |
| 250 | |a 3a. ed | ||
| 300 | |a 904 p | ||
| 942 | |c BK | ||
| 945 | |d 20060804 00:00:00 |a cmena | ||
| 260 | |a Santiago |b Oikos |c 1996 | ||
| 650 | 0 | |a Ecología |9 258124 | |
| 650 | 0 | |a Protección del medio ambiente |9 257626 | |
| 650 | 0 | |a Educación ambiental |9 262920 | |
| 650 | 0 | |a Contaminación ambiental |9 314181 | |
| 650 | 0 | |a Medio ambiente natural |9 338575 | |
| 650 | 0 | |a Recursos naturales |9 255232 | |
| 583 | |a last modification |c 20130305 04:46:57 |k Rodrigo Vera | ||
| 999 | |c 317271 |d 317269 | ||
| 952 | |0 0 |1 0 |4 0 |6 577_000000000000000_GRA_1996 |7 0 |8 A |9 393337 |a BIBEDU |b BIBEDU |d 2019-11-22 |i 4257871 |o 577 GRA 1996 |p 4257871 |r 2019-11-22 |w 2019-11-22 |y BK |k EBA | ||